000 00717cam a2200181 i 4500
005 20251124103702.0
008 250721s2019 jo gr 000 0 ara d
082 1 4 _a211.6
_bك ن ف
100 1 _aكنفودي، محمد
_eمؤلف.
245 1 0 _aبناء دلالة المفهوم في القرآن نحو منهج توحيدي لقراءة مفاهيم نصوص القرآن /
_cالدكتور محمد كنفودي.
250 _aالطبعة الأولى.
264 3 1 _aعمان :
_bدار المعتز للنشر و التوزيع،
_c2019.
300 _a315 صفحة.
650 1 7 _aاعجاز القرآن.
650 1 7 _aالآيات القرآنية.
942 _2ddc
_cBK
999 _c141396
_d141396